Responses for show #2964 - Thursday, June 19, 1997

Contestants

[<< previous game]

Brian Nafziger, a graduate student from Urbana, Illinois

Joy Luckabaugh, an index editor from Germantown, Maryland

Chris Szymanski, a farmer from Marathon, Wisconsin (whose 1-day cash winnings total $12,600)

[next game >>]

Jeopardy! Round responses

FLORIDA CITIES
TV STARS
ANNUAL EVENTS
SCIENCE
FURNITURE
CROSSWORD CLUES "L"
    $100 4
Tallahassee

Brian
    $100 9
Joan Lunden

Brian
    $100 19
Easter

Joy
    $100 12
Brain

Joy
    $100 20
(B: What is a dugout?)

Bench

ChrisBrian
    $100 1
Lungs

Triple Stumper
    $200 5
Orlando

Joy
    $200 10
John Lithgow

Brian
    $200 23
Potato

Chris
    $200 13
Chromosomes

Brian
    $200 25
Hall

Triple Stumper
    $200 2
Lumberjack

Joy
    $300 6
Dade County

Brian
    $300 11
Anthony Edwards

Joy
    $300 24
Judy Garland

Triple Stumper
    $300 16
Potassium

Brian
    $300 26
Rocking chair

Chris
    $300 3
Lox

Joy
    $400 7
Sarasota

Brian
    $400 14
(J: Who is Bryant Gumbel?)
(Alex: Oh, no!)

John Tesh

ChrisJoy
    $400 29
Muscular Dystrophy

Chris
    $400 18
(J: Who is Von Braun?)

Robert Goddard

JoyBrian
    $400 27
Pigeonholes

Triple Stumper
    $400 21
Lockjaw

Joy
    $800 8
(B: What is Cape Canaveral?)

Pensacola

Brian
    $500 17
Yasmine Bleeth

Chris
    $500 30
Arizona

Joy
    $500 15
Georg Ohm

Chris
    $500 28
Armoire

Joy
    $500 22
Lexicographer

Chris

Scores at the first commercial break (after clue 15):

Chris Joy Brian
$900 $700 $500

Scores at the end of the Jeopardy! Round:

Chris Joy Brian
$2,900 $1,800 $1,100

Double Jeopardy! Round responses

FIRST NOVELS
PEOPLE IN HISTORY
ARTISTS
WORLD GEOGRAPHY
FATS & OILS
SHAKESPEAREAN LAST SCENES
    $200 16
Hans Christian Andersen

Joy
    $200 11
London

Brian
    $200 21
frescoes

Chris
    $200 1
the Alps

Chris
    $200 25
margarine

Joy
    $200 3
Juliet

Joy
    $400 17
The Hunt for Red October

Chris
    $400 12
(Joy: Who is Gandhi?)

Jawaharlal Nehru

JoyBrian
    $400 22
Edouard Manet

Brian
    $400 7
Bavaria

Joy
    $400 26
olive oil

Chris
    $400 4
The Taming of the Shrew

Chris
    $600 18
William Faulkner

Brian
    $600 13
Lord Robert Baden-Powell

Brian
    $600 23
Salvador Dali

Chris
    $600 8
Sweden

Brian
    $600 28
suet

Triple Stumper
    $600 5
Titus Andronicus

Chris
    $800 19
John le Carré

Brian
    $800 14
Norway

Joy
    $800 24
(Brian: Who was Goya?)

Diego Velázquez

ChrisBrian
    $800 9
Irish Sea

Chris
    $800 29
(Brian: What is linseed oil?)

canola oil

Brian
Triple Stumper
    $800 6
(Joy: Who is Priam?)

Pericles

ChrisJoy
    $1000 20
The Sheltering Sky

Triple Stumper
    $1,000 15
(Joy: Who is Theodore Roosevelt?)
...
(Alex: Just after the Civil War.)

Andrew Johnson

Joy
    $1000 27
Constantin Brancusi

Brian
    $1000 10
Tahiti

Triple Stumper
    $1000 30
LDL (low density lipoproteins)

Chris
    $3,100 2
(Alex: Whoa! Here is a young man who feels confident in his knowledge of Shakespeare--let's see if it's worthwhile!)

King Lear

Chris

Scores at the end of the Double Jeopardy! Round:

Chris Joy Brian
$12,200 $1,400 $4,100
(lock game)

[wagering suggestions for these scores]

Final Jeopardy! Round responses

GOVERNMENT OFFICIALS
(Alex: They are both sons of former Chicago mayor Richard J. Daley.)
JoyWhat is Pena?
$1,389
BrianWhat is Daley?
$4,100
ChrisWhat is Brown? Hi D!
$800
Daley (William M. & Richard M.)

Final scores:

Chris Joy Brian
$11,400 $11 $8,200
2-day champion: $24,000 3rd place: Panasonic 27-inch diagonal Superflat TV system 2nd place: Softub Portable Spa & Lloyd/Flanders Patio Furniture

Game dynamics:

Coryat scores:

Chris Joy Brian
$10,100 $2,400 $4,900
20 R
(including 1 DD),
0 W
14 R,
5 W
(including 1 DD)
16 R,
4 W
(including 1 DD)

Combined Coryat: $17,400

The J! Archive is created by fans, for fans. The Jeopardy! game show and all elements thereof, including but not limited to copyright and trademark thereto, are the property of Jeopardy Productions, Inc. and are protected under law. This website is not affiliated with, sponsored by, or operated by Jeopardy Productions, Inc. Join the discussion at JBoard.tv.